LEADER 00584naa a2200145 i 4500 001 000000301368 003 CaOOAMICUS 005 20180831172721.0 008 180831n xx u000 u und u 013 $a9097 040 $aSeMil$bita 100 1 $aSesboüé, Bernard,$c.$0(OLS)http://semarc/name/703 245 14$aLes ministères dans l'Église :$bpoint de vue catholique. 773 0 $aAndrieux, Francis$tServiteurs de l'Évangile.$dParis : Les Éditions du Cerf, 1971.$w()35329 996 $6245$aLes ministères dans l'Église :$bpoint de vue catholique$9(OLS)http://semarc/title/377369 LEADER 00601naa a2200133 i 4500 001 000000330171 003 CaOOAMICUS 005 20180831173634.0 008 180831n it u000 u ita u 013 $a41921 040 $aSeMil$bita 245 13$aIl tema del figliol prodigo nella pittura neerlandese. 773 0 $aColloquio sulla Interpretazione <8. ; 1986 ; Macerata>$tInterpretazione e invenzione.$dGenova : Marietti, 1987.$kPubblicazioni della Facoltà di lettere e filosofia$z88-211-8592-3$gp.205-243$w()115765 996 $6245$aIl tema del figliol prodigo nella pittura neerlandese$9(OLS)http://semarc/title/418629